| 000 | 00902nas a2200325 4500 | ||
|---|---|---|---|
| 001 | BR8006463 | ||
| 003 | BR-BrBNA | ||
| 005 | 20231205084424.0 | ||
| 007 | ta | ||
| 008 | 230509b bl.|||p| |||| 00| 00por d | ||
| 040 |
_aBR-BrBNA _bpor _cBiblioteca Nacional de Agricultura |
||
| 041 | _a(Pt) | ||
| 072 | _aL00; L30 | ||
| 100 | 1 | _aLavorenti, A. | |
| 100 | 1 | _aPacheco, C.R.V.M. | |
| 100 | 1 | _aMiyda, V.S. | |
| 100 | 1 | _aTullio, R.R. | |
| 245 | 1 | _aPerformance e qualidade de carcaca de suinos criados em confinamento e em pastagem | |
| 650 | _aSUÍNO | ||
| 650 | _aGANHO DE PESO | ||
| 650 | _aRACAO | ||
| 650 | _aPASTAGEM | ||
| 650 | _aCONFINAMENTO | ||
| 650 | _aCARCACA | ||
| 650 | _aRENDIMENTO | ||
| 650 | _aPERFORMANCE | ||
| 773 | 0 |
_tSolo (Brazil) _xISSN 0584-0821 _g(Jul-Dec 1980), v. 72(2) p. 19-24 _wBR8006463 |
|
| 909 |
_a202311 _bLúcia _c55 _dLúcia Elande |
||
| 942 |
_2AGRIS _n0 _cANA |
||
| 999 |
_c105119 _d105119 |
||